000 00391nam a22001457a 4500
005 20200604111040.0
008 200604b xxu||||| |||| 00| 0 eng d
082 _a345.4 AIR
110 _aThe All India Reporter
_95784
245 _aThe All India Reporter1966 (V-53) MYSORE Section
260 _aBOMBAY
_bThe All India Reporter Ltd.
300 _a480p.
650 _aLAW
_95701
942 _cJRL
999 _c6810
_d6808